Les arts en Portugal (Record no. 162879)

MARC details
000 -LEADER
campo de control de longitud fija 00767nam a22001935i 4500
001 - NÚMERO DE CONTROL
campo de control 162879
003 - IDENTIFICADOR DE NÚMERO DE CONTROL
campo de control ES-MaACL
005 - FECHA Y HORA DE LA ÚLTIMA TRANSACCIÓN
campo de control 20250929063237.0
008 - DATOS DE LONGITUD FIJA--INFORMACIÓN GENERAL
campo de control de longitud fija 990909s1846 fr |||| | fre d
040 ## - FUENTE DE CATALOGACIÓN
Centro catalogador/agencia de origen CCPB | B
Lengua de catalogación spa
Centro/agencia transcriptor CCPB | B
100 1# - ENTRADA PRINCIPAL--NOMBRE DE PERSONA
Nombre de persona Raczynski, Athanase,
Títulos y otros términos asociados al nombre Conde
9 (RLIN) 131556
245 14 - MENCIÓN DEL TÍTULO
Título Les arts en Portugal
Resto del título : lettres adresées a la Société Artistique et Scientifique de Berlin, et accompagnées de documens /
Mención de responsabilidad, etc. par le Comte A. Raczynski.
260 ## - PUBLICACIÓN, DISTRIBUCIÓN, ETC.
Lugar de publicación, distribución, etc. Paris :
Nombre del editor, distribuidor, etc. Jules Renouard et C\pie\s, libraires-éditeurs,
Fecha de publicación, distribución, etc. 1846.
300 ## - DESCRIPCIÓN FÍSICA
Extensión [2], 548 p. ;
Dimensiones 22 cm.
510 4# - NOTA DE CITAS O REFERENCIAS BIBLIOGRÁFICAS
Nombre de la fuente Hoefer,
Localización dentro de la fuente t. 41, p. 433
752 ## - ENTRADA AGREGADA--NOMBRE JERÁRQUICO DEL LUGAR
País o entidad superior Francia -
Ciudad París
852 ## - LOCALIZACIÓN
Ubicación ES-MaACL
Número de control de estantería G-10199
Nota libre -- Enc. hol.
Encuadernación -- T300: Este ejemp. tiene 554 p.
Holdings
Estatus retirado Estado de pérdida Estado de daño No para préstamo Colección Biblioteca de origen Biblioteca actual Ubicación en estantería Fecha de adquisición Fuente de adquisición Total de préstamos Signatura topográfica completa Código de barras Visto por última vez Precio de reemplazo Tipo de ítem Koha
        Libros del s. XIX Biblioteca del Ateneo de Madrid Biblioteca del Ateneo de Madrid Sala Pecera Planta 3 17/01/2008     G-10199 1170659 23/02/2023 23/02/2023 Libro impreso antiguo